Statistics for Top Irish Goalscorers 2022-23

Click here to take the quiz!

General Stats

  • This quiz has been taken 3 times
  • The average score is 2 of 10

Answer Stats

NPlayerClubTotal% Correct
2Will KeaneWigan Athletic12
100%
7Chiedozie OgbeneRotherham United9
33%
1David McGoldrickDerby County25
33%
2James CollinsDerby County12
33%
9Callum RobinsonCardiff City7
0%
7C.J HamiltonBlackpool9
0%
5Evan FerugsonBrighton & Hove Albion10
0%
9Jamie McGrathDundee United7
0%
4Paddy MaddenStockport County11
0%
5Scott HoganBirmingham City10
0%

Score Distribution

Percentile by Number Answered

Percent of People with Each Score

Your Score History

You have not taken this quiz